000 00589nam a2200229Ia 4500
005 20260429112135.0
008 260429s9999||||xx |||||||||||||| ||und||
020 _a9781394237067
041 _aEnglish
082 _a612.8
_bPAT
100 _aPatestas, Maria A.
245 0 _aTextbook of neuroanatomy /
_cMaria A. Patestas
250 _a3rd ed.
260 _aNew Jersey :
_bWiley,
_c2025.
300 _axx, 560 p.; pbk
650 _a Anatomy
650 _a Histology
650 _aNervous system
700 _a Gartner, Leslie P.
700 _a Meyer, Amanda J.
942 _cTB
999 _c52555
_d52555